Williams' basic nutrition and diet therapy / (Record no. 20229)
[ view plain ]
| 000 -LEADER | |
|---|---|
| fixed length control field | 01782cam a22003495a 4500 |
| 001 - CONTROL NUMBER | |
| control field | 17019482 |
| 005 - DATE AND TIME OF LATEST TRANSACTION | |
| control field | 20150707141848.0 |
| 008 - FIXED-LENGTH DATA ELEMENTS--GENERAL INFORMATION | |
| fixed length control field | 111020t2013 moua frbd 001 0 eng d |
| 020 ## - INTERNATIONAL STANDARD BOOK NUMBER | |
| International Standard Book Number | 9780323083478 (pbk. : alk. paper) |
| 040 ## - CATALOGING SOURCE | |
| Original cataloging agency | DNLM/DLC |
| Transcribing agency | DLC |
| Language of cataloging | eng |
| Modifying agency | EG-ScBUE |
| 082 04 - DEWEY DECIMAL CLASSIFICATION NUMBER | |
| Classification number | 615.854 |
| Item number | NIX |
| Edition number | 22 |
| 100 1# - MAIN ENTRY--PERSONAL NAME | |
| Personal name | Nix, Staci. |
| 9 (RLIN) | 38221 |
| 245 10 - TITLE STATEMENT | |
| Title | Williams' basic nutrition and diet therapy / |
| Statement of responsibility, etc | Staci Nix. |
| 246 30 - VARYING FORM OF TITLE | |
| Title proper/short title | Basic nutrition and diet therapy |
| 246 3# - VARYING FORM OF TITLE | |
| Title proper/short title | Williams' basic nutrition & diet therapy |
| 250 ## - EDITION STATEMENT | |
| Edition statement | 14th ed. |
| 260 ## - PUBLICATION, DISTRIBUTION, ETC. (IMPRINT) | |
| Place of publication, distribution, etc | Missouri : |
| Name of publisher, distributor, etc | Elsevier Mosby, |
| Date of publication, distribution, etc | c.2013. |
| 300 ## - PHYSICAL DESCRIPTION | |
| Extent | xxi, 538 p. : |
| Other physical details | ill. (col.) ; |
| Dimensions | 26 cm. |
| 500 ## - GENERAL NOTE | |
| General note | Index : p. 522-538. |
| 500 ## - GENERAL NOTE | |
| General note | Glossary : p.516-521. |
| 504 ## - BIBLIOGRAPHY, ETC. NOTE | |
| Bibliography, etc | Includes bibliographical references. |
| 505 0# - FORMATTED CONTENTS NOTE | |
| Formatted contents note | Food, nutrition, and health -- Carbohydrates -- Fats -- Proteins -- Digestion, absorption, and metabolism -- Energy balance -- Vitamins -- Minerals -- Water balance -- Nutrition during pregnancy and lactation -- Nutrition in infancy, childhood, and adolescence -- Nutrition for adults : the early, middle, and later years -- Community food supply and health -- Food habits and cultural patterns -- Weight management -- Nutrition and physical fitness -- Nutritional care -- Gastrointestinal and accessory organ problems -- Coronary heart disease and hypertension -- Diabetes mellitus -- Kidney disease -- Surgery and nutrition support -- Nutrition support in cancer and AIDS. |
| 590 ## - LOCAL NOTE (RLIN) | |
| Local note | shima |
| 650 12 - SUBJECT ADDED ENTRY--TOPICAL TERM | |
| Topical term or geographic name as entry element | Diet Therapy. |
| Source of heading or term | BUEsh |
| 650 22 - SUBJECT ADDED ENTRY--TOPICAL TERM | |
| Topical term or geographic name as entry element | Food Habits. |
| Source of heading or term | BUEsh |
| 650 22 - SUBJECT ADDED ENTRY--TOPICAL TERM | |
| Topical term or geographic name as entry element | Nutritional Physiological Phenomena. |
| Source of heading or term | BUEsh |
| 9 (RLIN) | 36547 |
| 650 22 - SUBJECT ADDED ENTRY--TOPICAL TERM | |
| Topical term or geographic name as entry element | Nutritional Requirements. |
| Source of heading or term | BUEsh |
| 651 ## - SUBJECT ADDED ENTRY--GEOGRAPHIC NAME | |
| Source of heading or term | BUEsh |
| 653 ## - INDEX TERM--UNCONTROLLED | |
| Resource For college | Nursing |
| Arrived date list | July2015 |
| 655 ## - INDEX TERM--GENRE/FORM | |
| Form subdivision | |
| -- | 34232 |
| 942 ## - ADDED ENTRY ELEMENTS (KOHA) | |
| Source of classification or shelving scheme | Dewey Decimal Classification |
| Call number prefix | 615.854 NIX |
| Withdrawn status | Lost status | Source of classification or shelving scheme | Damaged status | Not for loan | Koha collection | Home library | Current library | Shelving location | Date acquired | Source of acquisition | Cost, normal purchase price | Serial Enumeration / chronology | Total Checkouts | Total Renewals | Full call number | Barcode | Checked out | Date last seen | Date last borrowed | Cost, replacement price | Koha item type |
|---|---|---|---|---|---|---|---|---|---|---|---|---|---|---|---|---|---|---|---|---|---|
| Dewey Decimal Classification | Baccah | Central Library | Central Library | First floor | 06/07/2015 | 439.00 | 22353 | 13 | 75 | 615.854 NIX | 000038968 | 20/09/2025 | 07/07/2025 | 07/07/2025 | 549.00 | Book - Borrowing |